Foundations of developmental genetics
Tallennettuna:
| Päätekijä: | |
|---|---|
| Aineistotyyppi: | Kirja |
| Kieli: | Undetermined |
| Julkaistu: |
London
Taylor and Francis
1986
|
| Aiheet: | |
| Tagit: |
Lisää tagi
Ei tageja, Lisää ensimmäinen tagi!
|
| Thư viện lưu trữ: | Trung tâm Học liệu Trường Đại học Cần Thơ |
|---|
| LEADER | 00518nam a2200181Ia 4500 | ||
|---|---|---|---|
| 001 | CTU_168043 | ||
| 008 | 210402s9999 xx 000 0 und d | ||
| 082 | |a 591.3 | ||
| 082 | |b P961 | ||
| 100 | |a Pritchard, D. J. | ||
| 245 | 0 | |a Foundations of developmental genetics | |
| 245 | 0 | |c D. J. Pritchard | |
| 260 | |a London | ||
| 260 | |b Taylor and Francis | ||
| 260 | |c 1986 | ||
| 650 | |a Developmental genetics,Bảo tồn nguồn gen | ||
| 910 | |a Nguyên | ||
| 980 | |a Trung tâm Học liệu Trường Đại học Cần Thơ | ||